Guess the Liam Payne song with no hints #1 - Statistics

General Stats
  • This quiz has been taken 11 times
  • The average score is 223 of 348
Answer Stats
Answer % Correct
I
100%
(I
100%
a
90%
A
90%
for
90%
love
90%
me
90%
you
90%
You
90%
an
80%
and
80%
And
80%
be
80%
could
80%
in
80%
it
80%
of
80%
time
80%
(We
80%
We
80%
your
80%
at
70%
face
70%
first
70%
I'd
70%
I'll
70%
like
70%
look
70%
my
70%
never
70%
night
70%
No,
70%
see
70%
the
70%
Then
70%
there
70%
again
60%
all
60%
All
60%
But
60%
eye)
60%
eyes
60%
fall
60%
feeling
60%
friends
60%
gone
60%
got
60%
how
60%
It's
60%
only
60%
out
60%
someone
60%
tell
60%
that
60%
That
60%
wanna
60%
was
60%
Was
60%
were
60%
Before
50%
didn't
50%
life
50%
light)
50%
light
50%
lost
50%
put
50%
saw
50%
(She's
50%
something
50%
sudden
50%
took
50%
believer
40%
catch
40%
could've
40%
dancing
40%
fading
40%
Hoping
40%
leaving
40%
looking
40%
looking,
40%
loved
40%
matter
40%
name
40%
people
40%
Polaroid
40%
rest
40%
starts
40%
upon
40%
wallet
40%
wasn't
40%
without
40%
behind
30%
blink
30%
Captured
30%
flash
30%
happened
30%
hmm
30%
imagination?
30%
Let
30%
moment)
30%
moving
30%
sight
30%
signed
30%
station
30%
swore
30%
thousand
30%
flashing
20%
second,
20%
slipped
20%
view
20%
No matching quizzes found
Score Distribution
Percent of People with Each Score
Percentile by Number Answered
Your Score History
You have not taken this quiz